000 00625nam a22001697a 4500
999 _c19517
_d19517
008 240304b ||||| |||| 00| 0 eng d
020 _a9781786174321
082 _aDRef 612.003
_bF23 2019
100 _aFarndon, John.
_917839
245 _aEncyclopedia of body :
_bfrom complex body systems to health /
_cJohn Farndon and Nicki Lampon.
260 _aUnited Kingdom :
_bMiles Kelly Publishing Ltd,
_c©2019.
300 _a384 pages :
_bcolor illustrations ;
_c23 cm.
500 _aIncludes index.
650 _aHuman anatomy
_vEncyclopedias, Juvenile.
_954263
700 _aLampon, Nicki.
_eauthor.
_953967
942 _2ddc
_cDREF